Survivor Contestants Season 31: Cambodia - Statistics

General Stats
  • This quiz has been taken 216 times
    215 since last reset
  • The average score is 17 of 20
Answer Stats
Finish Contestant % Correct
2nd (tie) Spencer Bledsoe
98%
Winner Jeremy Collins
96%
2nd (tie) Tasha Fox
96%
4th Kelley Wentworth
92%
13th "Chaos Kass" McQuillen
91%
5th Keith Nale
91%
6th Kimmi Kappenberg
89%
10th Ciera Eastin
87%
11th Kelly Wiglesworth
87%
12th Andrew Savage
86%
8th Joe Anglim
85%
14th Yung "Woo" Hwang
85%
7th Abi-Maria Gomes
84%
9th Stephen Fishbach
80%
17th Jeff Varner
77%
20th Vytas Baskauskas
74%
19th Shirin Oskooi
71%
15th Terry Deitz
67%
16th Monica Padilla
64%
18th Peih-Gee Law
64%
No matching quizzes found
Score Distribution
Percent of People with Each Score
Percentile by Number Answered
Your Score History
You have not taken this quiz since the last reset